header

Albania and the European Union (Record no. 221208)

MARC details
000 -LEADER
fixed length control field 01502nam a2200337Ia 4500
100 1# - MAIN ENTRY--AUTHOR NAME
Personal name Bogdani, Mirela.
245 10 - TITLE STATEMENT
Title Albania and the European Union
260 ## - PUBLICATION, DISTRIBUTION, ETC. (IMPRINT)
Place of publication London ;
-- New York :
Name of publisher I.B. Tauris ;
Place of publication New York :
Name of publisher Distributed in the USA by Palgrave Macmillan,
Year of publication 2007.
300 ## - PHYSICAL DESCRIPTION
Number of Pages xiii, 272 p.
490 1# - SERIES STATEMENT
Series statement Library of European studies ;
650 #0 - SUBJECT ADDED ENTRY--TOPICAL TERM
Topical Term International relations.
700 1# - ADDED ENTRY--PERSONAL NAME
Personal name Loughlin, John,
856 40 - ELECTRONIC LOCATION AND ACCESS
Uniform Resource Identifier http://site.ebrary.com/lib/rucke/Doc?id=10194027

No items available.

© 2026 Rongo University
Contact us: librarian | system librarian | Rongo university